| 000 | 01500nam0a22002651 4500 | ||
|---|---|---|---|
| 001 | v19\rc\1808046 | ||
| 005 | 20260406184357.0 | ||
| 035 | _a(NLR Aleph) 004908540 | ||
| 090 |
_a5452226 _c5452226 |
||
| 100 | _a20071224d1906 |||y0rusy50 ca | ||
| 101 | 0 | _arus | |
| 102 | _aRU | ||
| 105 | _ay z ||||| | ||
| 200 | 1 |
_aЖурнал... Особого совещания по пересмотру установленных для охраны государственного порядка исключительных законоположений _eЗаседания 5, 10, 17, 24 и 30 мая, 2 и 9 июня 1905 г. и 17, 24 и 31 янв., 7, 21 и 24 февр., 1, 7 и 14 марта 1906 г. |
|
| 210 |
_a[Санкт-Петербург _d1906] |
||
| 215 |
_a51 с. _d33 |
||
| 309 | _aБез тит. л. и обл. | ||
| 532 | 1 | 3 | _aЖурнал Особого совещания по пересмотру установленных для охраны государственного порядка исключительных законоположений |
| 710 | 0 | 1 |
_aРоссия _bОсобое совещание по пересмотру установленных для охраны государственного порядка исключительных законоположений _3RU\NLR\AUTH\889949731 _9395153 |
| 801 | 0 |
_aRU _bNLR _gpsbo |
|
| 801 | 0 |
_aRU _bRuMoRGB _2psbo |
|
| 801 | 1 |
_aRU _bProSoft-M _2rusmarc |
|
| 852 |
_aNLR _j37.41.1.21(3) |
||
| 942 | _cBOOK | ||
| 980 | _aNB | ||